000 00697cab a22001935a 4500
001 L157690
008 130305e20130309xxk 000 0 eng d
035 _a(Sirsi) u157690
041 0 _aeng
100 1 _aKing, Vivien
245 0 0 _aDown among the moles
260 _c2013
490 _aEstates Gazette
_v(1309) 2 March 2013, 84-86(2)
520 _aGives the legal position for expansion downwards in residential and commercial properties. Includes what a neighbour should do when hearing of a proposed subterranean development, party wall legislation and material planning decisions.
590 _aKA
690 _aPlanning and development
_96259
700 1 _aAudsley, James
942 _n0
999 _c84432
_d84432